K nové úpravě průměrného výdělku.

Zákon o mzde, odmene za pracovnú pohotovosť a o priemernom zárobku za r. 1992 novo upravuje zisťovanie a používanie priemerného zárobku pre pracovnoprávne účely. Dĺžka rozhodného obdobia. Zisťovanie výšky priemerného zárobku. Vzťah priemerného zárobku k minimálnej mzde. Priemerný zárobok a kolektívn...

Full description

Saved in:
Bibliographic Details
Main Author: Štalmach, P.
Format: Book Chapter
Language:Czech
Subjects:
Tags: Add Tag
No Tags, Be the first to tag this record!

MARC

LEADER 00000naa a2200000 4500
001 r007527
005 20220831085011.1
041 0 |a cze 
044 |a [CS] 
245 1 0 |a K nové úpravě průměrného výdělku.  |c P. Štalmach 
520 |a Zákon o mzde, odmene za pracovnú pohotovosť a o priemernom zárobku za r. 1992 novo upravuje zisťovanie a používanie priemerného zárobku pre pracovnoprávne účely. Dĺžka rozhodného obdobia. Zisťovanie výšky priemerného zárobku. Vzťah priemerného zárobku k minimálnej mzde. Priemerný zárobok a kolektívna zmluva. 
610 2 0 |a mzdy 
610 2 0 |a odmeny 
610 2 0 |a zárobky priemerné 
610 2 0 |a zákony 
610 2 0 |a ČSFR 
610 2 0 |a 1992 
610 2 0 |a vzťahy pracovnoprávne 
610 2 0 |a mzdy minimálne 
610 2 0 |a zmluvy kolektívne 
100 1 |a Štalmach, P.